| 000 | 02077cam a2200289 4500 | ||
|---|---|---|---|
| 001 | L130588 | ||
| 008 | 050815n2005 000 0 eng u | ||
| 020 | _a0110731948 | ||
| 035 | _a(Sirsi) u130588 | ||
| 041 | _aeng | ||
| 245 | 4 | _aThe Town and Country Planning (General Development Procedure) (Amendment) (England) Order 2005 | |
| 260 |
_aLondon _bTSO _c2005 |
||
| 490 |
_aSI _v2005:2087 |
||
| 520 | _aAmends the Town and Country Planning (General Development Procedure) Order 1995 in consequence of provisions in the Planning and Compulsory Purchase Act 2004. Inserts into the 1995 Order, where appropriate, references to the Town and Country Planning Act 1990 s76A (major infrastructure projects) and prescribes the content and form of the economic impact report required by that section. Extends the consultation period which must elapse before an application can be determined from 14 to 21 days and prescribes 21 days, for the purposes of the Town and Country Planning Act 1990 Sched 1 para 7(7)(c) as the period which must elapse before an application can be determined. Inserts new articles 11A and 11B into the 1995 Order prescribing certain requirements in respect of consultation | ||
| 590 | _aIKA160805 | ||
| 650 | _aTOWN AND COUNTRY PLANNING (GENERAL DEVELOPMENT PROCEDURE) (AMENDMENT) (ENGLAND) ORDER 2005 | ||
| 650 | _aTOWN AND COUNTRY PLANNING ACT 1990 SCHED 1 PARA 7(7)(C) | ||
| 650 | _aTOWN AND COUNTRY PLANNING (GENERAL DEVELOPMENT PROCEDURE) ORDER 1995 | ||
| 650 | _aTOWN AND COUNTRY PLANNING ACT 1990 S76A | ||
| 650 | _aPLANNING AND COMPULSORY PURCHASE ACT 2004 PART 4 | ||
| 650 | _aPLANNING AND COMPULSORY PURCHASE ACT 2004 S54 | ||
| 650 | _aTOWN AND COUNTRY PLANNING (GENERAL DEVELOPMENT PROCEDURE) ORDER 1995 ART 11A | ||
| 650 | _aTOWN AND COUNTRY PLANNING (GENERAL DEVELOPMENT PROCEDURE) ORDER 1995 ART 11B | ||
| 690 | _aENVIRONMENTAL AND LAND CONSULTANCY-PLANNING AND DEVELOPMENT-DEVELOPMENT CONTROL | ||
| 856 |
_uhttps://www.opsi.gov.uk/si/si2005/20052087.htm _zView the Order free of charge at www.opsi.gov.uk... |
||
| 942 | _n0 | ||
| 999 |
_c104487 _d104487 |
||